[Event "Bundesliga 0405"]
[Site "Germany"]
[Date "2005.01.29"]
[Round "8.6"]
[White "Lytchak, Alexander"]
[Black "Volke, Karsten"]
[Result "1-0"]
[WhiteElo "2436"]
[BlackElo "2483"]
[PlyCount "127"]
[EventDate "2004.11.12"]
[EventType "team-tourn"]
[EventRounds "15"]
[EventCountry "GER"]
[SourceTitle "CBM 106"]
[Source "ChessBase"]
[SourceDate "2005.06.06"]
[SourceVersion "1"]
[SourceVersionDate "2005.06.06"]
[SourceQuality "1"]
[WhiteTeam "Muelheim Nord"]
[BlackTeam "Kreuzberg"]
[WhiteTeamCountry "GER"]
[BlackTeamCountry "GER"]

1. Nf3 Nf6 2. c4 b6 3. g3 c5 4. Bg2 Bb7 5. 0-0 g6 6. d4 cxd4 7. Qxd4 Bg7 8. Nc3 d6 9. Be3 Nbd7 10. Rac1 Rc8 11. b3 0-0 12. Qd2 Ne4 13. Nxe4 Bxe4 14. Nd4 Bxg2 15. Kxg2 a6 16. Nc2 b5 17. cxb5 Bc3 18. Qd5 Nf6 19. Qd3 axb5 20. Na3 b4 21. Nb5 Ng4 22. a4 Qd7 23. Nxc3 bxc3 24. Bd4 Qc6+ 25. f3 c2 26. e4 Ne5 27. Bxe5 dxe5 28. Rf2 Rfd8 29. Qe2 Qc3 30. Rxc2 Qxb3 31. Rxc8 Rxc8 32. Qa2 Qb4 33. Rb2 Qe1 34. Qd5 Qa1 35. Ra2 Qb1 36. a5 Rc1 37. Kh3 Rd1 38. Qc4 Rd4 39. Qe2 Qb7 40. a6 Qd7+ 41. Kg2 Ra4 42. Qc2 Rxa2 43. Qxa2 Qa7 44. Qa5 h5 45. Qb5 Qe3 46. Qb2 g5 47. Qf2 Qa3 48. a7 Qa6 49. Qd2 f6 50. Qf2 Kf8 51. h4 gxh4 52. g4 hxg4 53. fxg4 Ke8 54. Qe3 Qa5 55. Kh3 Kd7 56. Kxh4 Kc7 57. Kh5 Kb7 58. Kg6 Qd8 59. Kf7 Qh8 60. Qa3 Qh7+ 61. Ke6 Ka8 62. Qb4 Qg8+ 63. Kd7 Kxa7 64. Kc7 1-0

[Event "Bundesliga 0405"]
[Site "Germany"]
[Date "2004.11.28"]
[Round "4.6"]
[White "Lytchak, Alexander"]
[Black "Appel, Ralf"]
[Result "1-0"]
[WhiteElo "2436"]
[BlackElo "2507"]
[PlyCount "79"]
[EventDate "2004.11.12"]
[EventType "team-tourn"]
[EventRounds "15"]
[EventCountry "GER"]
[SourceTitle "CBM 105"]
[Source "ChessBase"]
[SourceDate "2005.04.11"]
[SourceVersion "1"]
[SourceVersionDate "2005.04.11"]
[SourceQuality "1"]
[WhiteTeam "Muelheim Nord"]
[BlackTeam "Wattenscheid"]
[WhiteTeamCountry "GER"]
[BlackTeamCountry "GER"]

1. d4 Nf6 2. c4 e6 3. Nf3 Bb4+ 4. Bd2 Qe7 5. g3 Nc6 6. Bg2 Bxd2+ 7. Nbxd2 d6 8. 0-0 0-0 9. e4 e5 10. d5 Nb8 11. Ne1 a5 12. Nd3 Na6 13. Qc2 c6 14. dxc6 bxc6 15. c5 Nxc5 16. Nxc5 dxc5 17. Rfc1 Rd8 18. Nb3 Nd7 19. a4 c4 20. Qxc4 Nb8 21. Qc3 Qc7 22. Rd1 Re8 23. Rd5 Na6 24. Rxa5 Rb8 25. Ra3 Qd6 26. Bf1 Nb4 27. Ra1 h6 28. Rc5 Be6 29. Na5 Na2 30. Qxe5 Qd2 31. Nxc6 Rxb2 32. Qd4 Qxd4 33. Nxd4 Bd7 34. Rc7 Bxa4 35. Bc4 Rxe4 36. Rc8+ Kh7 37. Bd3 f5 38. Nxf5 Bd7 39. Bxe4 Bxc8 40. Ne7+ 1-0

[Event "BL2-West 0304"]
[Site "Germany"]
[Date "2004.??.??"]
[Round "?.3"]
[White "Lytchak, Alexander"]
[Black "Mainka, Romuald"]
[Result "1-0"]
[WhiteElo "2420"]
[BlackElo "2450"]
[PlyCount "69"]
[EventDate "2003.12.14"]
[EventType "team-tourn"]
[EventRounds "9"]
[EventCountry "GER"]
[SourceTitle "CBM 100 Extra"]
[Source "ChessBase"]
[SourceDate "2004.07.06"]
[SourceVersion "2"]
[SourceVersionDate "2004.07.06"]
[SourceQuality "1"]
[WhiteTeam "Muelheim"]
[BlackTeam "Remagen"]
[WhiteTeamCountry "GER"]
[BlackTeamCountry "GER"]

1. Nf3 d5 2. d4 c6 3. c4 dxc4 4. e3 Be6 5. Nc3 b5 6. a4 b4 7. Ne4 Nf6 8. Ned2 Bd5 9. Qc2 e6 10. Bxc4 Nbd7 11. 0-0 c5 12. Bxd5 Nxd5 13. e4 N5f6 14. dxc5 Bxc5 15. Nc4 Qc7 16. e5 Nd5 17. Qe4 Rc8 18. Qg4 g6 19. Bh6 N5b6 20. Nxb6 axb6 21. Qf4 b3 22. Ng5 f6 23. Nxe6 Qxe5 24. Ng7+ Kd8 25. Qf3 Bd6 26. g3 Qe7 27. Rfe1 Ne5 28. Qxb3 Kc7 29. Ne6+ Kb7 30. a5 Bc5 31. axb6 Bxb6 32. Be3 Rc6 33. Nd4 Rc4 34. f4 Rb4 35. Qd5+ 1-0

[Event "BL2-West 0203"]
[Site "Germany"]
[Date "2003.03.30"]
[Round "9.4"]
[White "Zajogin, Alexander"]
[Black "Lytchak, Alexander"]
[Result "0-1"]
[WhiteElo "2398"]
[BlackElo "2406"]
[PlyCount "76"]
[EventDate "2002.10.20"]
[EventType "team-tourn"]
[EventRounds "9"]
[EventCountry "GER"]
[SourceTitle "EXT 2004"]
[Source "ChessBase"]
[SourceDate "2003.11.25"]
[SourceVersion "1"]
[SourceVersionDate "2003.11.25"]
[SourceQuality "1"]
[WhiteTeam "Betzdorf Kirchen"]
[BlackTeam "Muelheim Nord"]
[WhiteTeamCountry "GER"]
[BlackTeamCountry "GER"]

1. d4 d5 2. c4 c6 3. Nc3 Nf6 4. e3 a6 5. Nf3 b5 6. b3 Bg4 7. Be2 e6 8. h3 Bh5 9. 0-0 Nbd7 10. Qc2 Be7 11. Ne5 Nxe5 12. dxe5 Bg6 13. Qd1 Nd7 14. cxd5 cxd5 15. Bb2 0-0 16. a4 b4 17. Na2 Qb8 18. Qd4 Bc5 19. Qf4 Qb6 20. Bd4 Be4 21. Rfd1 Bxd4 22. exd4 Bc2 23. Rd2 Bxb3 24. Rb1 Bxa2 25. Rxa2 a5 26. Bb5 Qa7 27. Rb3 f5 28. exf6 Rxf6 29. Qd6 Nf8 30. Rd3 Rc8 31. g3 Rf7 32. Re2 Qc7 33. Qxc7 Rfxc7 34. Rde3 Rc1+ 35. Kg2 Rd1 36. Rd3 Rxd3 37. Bxd3 Rc3 38. Bb5 Kf7 0-1

[Event "BL2-West 0203"]
[Site "Germany"]
[Date "2003.03.09"]
[Round "8.4"]
[White "Lytchak, Alexander"]
[Black "Kaeding, Rainer"]
[Result "1-0"]
[WhiteElo "2406"]
[BlackElo "2244"]
[PlyCount "49"]
[EventDate "2002.10.20"]
[EventType "team-tourn"]
[EventRounds "9"]
[EventCountry "GER"]
[SourceTitle "EXT 2004"]
[Source "ChessBase"]
[SourceDate "2003.11.25"]
[SourceVersion "1"]
[SourceVersionDate "2003.11.25"]
[SourceQuality "1"]
[WhiteTeam "Muelheim Nord"]
[BlackTeam "Castrop Rauxel"]
[WhiteTeamCountry "GER"]
[BlackTeamCountry "GER"]

1. Nf3 d5 2. d4 c6 3. c4 e6 4. Qc2 b5 5. cxb5 cxb5 6. e4 a6 7. exd5 exd5 8. Bd3 Nf6 9. 0-0 Be7 10. Bf4 Bb7 11. Bc7 Qc8 12. Bf5 Nbd7 13. Re1 Kf8 14. Nbd2 g6 15. Bd3 Ne8 16. Bf4 f6 17. Bxg6 hxg6 18. Qxg6 Nd6 19. Bh6+ Rxh6 20. Qxh6+ Ke8 21. Ng5 Nf8 22. Rxe7+ Kxe7 23. Qg7+ Ke8 24. Re1+ Ne4 25. Qf7+ 1-0

[Event "BL2-West 0304"]
[Site "Germany"]
[Date "2003.??.??"]
[Round "?.3"]
[White "Fridman, Rafael"]
[Black "Lytchak, Alexander"]
[Result "1/2-1/2"]
[WhiteElo "2435"]
[BlackElo "2420"]
[PlyCount "30"]
[EventDate "2003.12.14"]
[EventType "team-tourn"]
[EventRounds "9"]
[EventCountry "GER"]
[SourceTitle "CBM 100 Extra"]
[Source "ChessBase"]
[SourceDate "2004.07.06"]
[SourceVersion "2"]
[SourceVersionDate "2004.07.06"]
[SourceQuality "1"]
[WhiteTeam "Bochum"]
[BlackTeam "Muelheim"]
[WhiteTeamCountry "GER"]
[BlackTeamCountry "GER"]

1. e4 e5 2. Nf3 Nc6 3. Nc3 Nf6 4. Bb5 Nd4 5. Ba4 Nxf3+ 6. Qxf3 c6 7. d3 d6 8. h3 Be7 9. Bb3 0-0 10. 0-0 Nd7 11. Be3 Nc5 12. Bxc5 dxc5 13. Ne2 Bg5 14. Rad1 a5 15. a4 Qd6 1/2-1/2

[Event "BL2-West 0203"]
[Site "Germany"]
[Date "2002.12.15"]
[Round "3.4"]
[White "Seel, Christian"]
[Black "Lytchak, Alexander"]
[Result "0-1"]
[WhiteElo "2325"]
[BlackElo "2406"]
[PlyCount "80"]
[EventDate "2002.10.20"]
[EventType "team-tourn"]
[EventRounds "9"]
[EventCountry "GER"]
[SourceTitle "EXT 2004"]
[Source "ChessBase"]
[SourceDate "2003.11.25"]
[SourceVersion "1"]
[SourceVersionDate "2003.11.25"]
[SourceQuality "1"]
[WhiteTeam "Koeln Porz II"]
[BlackTeam "Muelheim Nord"]
[WhiteTeamCountry "GER"]
[BlackTeamCountry "GER"]

1. d4 d5 2. c4 c6 3. Nf3 Nf6 4. e3 a6 5. Bd3 Bg4 6. Nbd2 e6 7. Qc2 Nbd7 8. b3 Bd6 9. Bb2 Bh5 10. 0-0 Bg6 11. h3 Rc8 12. e4 dxe4 13. Nxe4 Nxe4 14. Bxe4 Bxe4 15. Qxe4 Nf6 16. Qe2 0-0 17. Ne5 Qa5 18. Rfe1 Rfd8 19. Nxf7 Kxf7 20. Qxe6+ Kg6 21. Re4 h5 22. Rae1 Qf5 23. Kf1 Re8 24. Qxf5+ Kxf5 25. g4+ Kg6 26. gxh5+ Kxh5 27. Re6 Bb4 28. R1e5+ Kg6 29. a3 Rxe6 30. Rxe6 Bf8 31. d5 Kf7 32. Ke2 cxd5 33. Rb6 Rc7 34. Bxf6 gxf6 35. cxd5 Bc5 36. Re6 Bxa3 37. Kd3 Re7 38. Re4 Rxe4 39. Kxe4 Bd6 40. h4 b5 0-1

[Event "Oberliga NRW 0102 I"]
[Site "Germany"]
[Date "2001.10.21"]
[Round "2.3"]
[White "Lytchak, Alexander"]
[Black "Gruermann, Martin"]
[Result "0-1"]
[WhiteElo "2402"]
[BlackElo "2021"]
[PlyCount "62"]
[EventDate "2001.10.??"]
[EventType "team"]
[EventRounds "9"]
[EventCountry "GER"]
[SourceTitle "EXT 2004"]
[Source "ChessBase"]
[SourceDate "2003.11.25"]
[SourceVersion "1"]
[SourceVersionDate "2003.11.25"]
[SourceQuality "1"]
[WhiteTeam "Muelheim Nord"]
[BlackTeam "Letmathe"]
[WhiteTeamCountry "GER"]
[BlackTeamCountry "GER"]

1. d4 Nf6 2. Nf3 c5 3. c3 cxd4 4. cxd4 d5 5. Nc3 Nc6 6. Bf4 a6 7. Ne5 Bd7 8. e3 e6 9. Bd3 Be7 10. 0-0 0-0 11. Rc1 Rc8 12. Qf3 Nxe5 13. dxe5 Ne8 14. Rcd1 Bc6 15. Qh3 g6 16. Ne2 Qb6 17. Nd4 Ng7 18. Rd2 Rc7 19. Nf3 Bb5 20. Bxb5 Qxb5 21. Ng5 Bxg5 22. Bxg5 Rfc8 23. e4 Rc2 24. Rxc2 Rxc2 25. exd5 exd5 26. b3 Ne6 27. Bf6 Nf4 28. Qe3 Ne2+ 29. Kh1 Ng3+ 30. hxg3 Qxf1+ 31. Kh2 Qxf2 0-1

[Event "Ruhrgebiet 4 Cup"]
[Site "Ruhrgebiet"]
[Date "2001.02.25"]
[Round "2"]
[White "Lytchak, Alexander"]
[Black "Goldschmidt, Christian"]
[Result "1-0"]
[WhiteElo "2369"]
[BlackElo "2124"]
[PlyCount "67"]
[EventDate "2001.??.??"]
[EventType "team-k.o."]
[EventRounds "3"]
[EventCountry "GER"]
[SourceTitle "EXT 2024"]
[Source "ChessBase"]
[SourceDate "2023.10.10"]
[SourceVersion "1"]
[SourceVersionDate "2023.10.10"]
[SourceQuality "1"]
[WhiteTeam "Muelheim Nord"]
[BlackTeam "Brackel SF"]
[WhiteTeamCountry "GER"]
[BlackTeamCountry "GER"]

1. d4 Nf6 2. Nf3 g6 3. g3 Bg7 4. Bg2 0-0 5. 0-0 d6 6. Nc3 c6 7. e4 Qc7 8. a4 a5 9. h3 Na6 10. Bf4 Nb4 11. Re1 Nh5 12. Be3 e5 13. Qe2 Re8 14. Rad1 Nf6 15. Rd2 exd4 16. Nxd4 d5 17. exd5 Nbxd5 18. Nxd5 Nxd5 19. Bxd5 cxd5 20. Bf4 Rxe2 21. Rdxe2 Be5 22. Rxe5 Qb6 23. Re8+ Kg7 24. Be5+ f6 25. Bf4 g5 26. R1e7+ Kg6 27. Rg8+ Kh6 28. Be3 Qb4 29. Rgg7 f5 30. Rxh7+ Kg6 31. Rhg7+ Kh6 32. Bxg5+ Kh5 33. Bf4 Qxd4 34. Rh7+ 1-0

[Event "Oberliga NRW 0001 I"]
[Site "NRW"]
[Date "2000.09.24"]
[Round "1.3"]
[White "Lytchak, Alexander"]
[Black "Borulya, Ekaterina"]
[Result "1/2-1/2"]
[WhiteElo "2384"]
[BlackElo "2362"]
[PlyCount "22"]
[EventDate "2000.09.24"]
[EventType "team"]
[EventRounds "9"]
[EventCountry "GER"]
[SourceTitle "EXT 2006"]
[Source "ChessBase"]
[SourceDate "2005.11.24"]
[SourceVersion "1"]
[SourceVersionDate "2005.11.24"]
[SourceQuality "1"]
[WhiteTeam "Muelheim"]
[BlackTeam "Krefeld"]
[WhiteTeamCountry "GER"]
[BlackTeamCountry "GER"]

1. d4 c5 2. d5 g6 3. e4 Bg7 4. Nc3 d6 5. Bb5+ Bd7 6. a4 Nf6 7. Nf3 0-0 8. 0-0 Bxb5 9. axb5 Nbd7 10. Qe2 Ne8 11. Bf4 Nc7 1/2-1/2

[Event "St Petersburg White Nights"]
[Site "St Petersburg"]
[Date "1999.07.04"]
[Round "9"]
[White "Lytchak, Alexander"]
[Black "Biriukov, Oleg V"]
[Result "0-1"]
[WhiteElo "2375"]
[BlackElo "2407"]
[PlyCount "28"]
[EventDate "1999.06.26"]
[EventType "tourn"]
[EventRounds "9"]
[EventCountry "RUS"]
[EventCategory "8"]
[SourceTitle "CBM 072"]
[Source "ChessBase"]
[SourceDate "1999.10.01"]
[SourceVersion "1"]
[SourceVersionDate "1999.10.01"]
[SourceQuality "1"]

1. d4 Nf6 2. Nf3 e6 3. g3 b6 4. Bg2 Bb7 5. c4 Be7 6. 0-0 0-0 7. Nc3 Ne4 8. Qc2 Nxc3 9. Qxc3 c5 10. Be3 d6 11. Rad1 Nd7 12. Bh3 Qc7 13. b3 Nf6 14. Bf4 cxd4 0-1

[Event "St Petersburg White Nights"]
[Site "St Petersburg"]
[Date "1999.07.01"]
[Round "6"]
[White "Yudasin, Leonid"]
[Black "Lytchak, Alexander"]
[Result "1-0"]
[WhiteElo "2545"]
[BlackElo "2375"]
[PlyCount "103"]
[EventDate "1999.06.26"]
[EventType "tourn"]
[EventRounds "9"]
[EventCountry "RUS"]
[EventCategory "8"]
[SourceTitle "CBM 072"]
[Source "ChessBase"]
[SourceDate "1999.10.01"]
[SourceVersion "1"]
[SourceVersionDate "1999.10.01"]
[SourceQuality "1"]

1. e4 c6 2. d4 d5 3. e5 Bf5 4. c3 e6 5. Be3 Ne7 6. Nd2 Bg6 7. f4 Nd7 8. Ngf3 Nf5 9. Bf2 h5 10. g3 c5 11. Qb3 c4 12. Qxb7 Rb8 13. Qxa7 Ra8 14. Qb7 Rb8 15. Qa6 Ra8 16. Qb5 Rb8 17. Qa4 Rxb2 18. Be2 Nh6 19. Bd1 Be7 20. 0-0 Qc7 21. Qa8+ Rb8 22. Qa4 Rb2 23. Qa8+ Rb8 24. Qa4 0-0 25. Be2 Rb2 26. Rfc1 Bc2 27. Qxc2 Rxc2 28. Rxc2 Ng4 29. a4 Nxf2 30. Kxf2 Qa5 31. Nf1 Rb8 32. N3d2 h4 33. Ne3 hxg3+ 34. hxg3 Rb7 35. Bf3 Rb8 36. g4 Nb6 37. Bd1 Nc8 38. Be2 Na7 39. Bf3 Qa6 40. g5 Nc6 41. Kg3 Kf8 42. Rh1 Ke8 43. Rh8+ Bf8 44. f5 Ne7 45. f6 gxf6 46. gxf6 Ng6 47. Rg8 Qxa4 48. Bh5 Qa1 49. Nf3 Qb1 50. Bxg6 fxg6 51. Rh2 Qe4 52. Rxf8+ 1-0

[Event "St Petersburg White Nights"]
[Site "St Petersburg"]
[Date "1999.06.28"]
[Round "3"]
[White "Kruppa, Yuri"]
[Black "Lytchak, Alexander"]
[Result "1-0"]
[WhiteElo "2561"]
[BlackElo "2375"]
[PlyCount "51"]
[EventDate "1999.06.26"]
[EventType "tourn"]
[EventRounds "9"]
[EventCountry "RUS"]
[EventCategory "8"]
[SourceTitle "CBM 072"]
[Source "ChessBase"]
[SourceDate "1999.10.01"]
[SourceVersion "1"]
[SourceVersionDate "1999.10.01"]
[SourceQuality "1"]

1. d4 d5 2. c4 c6 3. Nc3 Nf6 4. e3 a6 5. Qc2 b5 6. b3 Bg4 7. Nge2 Nbd7 8. h3 Bh5 9. Nf4 Bg6 10. Nxg6 hxg6 11. Be2 e6 12. 0-0 g5 13. e4 g4 14. exd5 cxd5 15. hxg4 Qc7 16. g3 dxc4 17. bxc4 Rc8 18. g5 Qb7 19. d5 Nxd5 20. Nxd5 exd5 21. Bf3 Rxc4 22. Qf5 Nb6 23. Be3 Bc5 24. Qe5+ Kf8 25. Bxc5+ Rxc5 26. Qd6+ 1-0

[Event "BL2-West 9899"]
[Site "Germany"]
[Date "1999.03.21"]
[Round "8.5"]
[White "Illner, Achim"]
[Black "Lytchak, Alexander"]
[Result "0-1"]
[WhiteElo "2320"]
[BlackElo "2375"]
[PlyCount "50"]
[EventDate "1998.10.??"]
[EventType "team-tourn"]
[EventRounds "9"]
[EventCountry "GER"]
[SourceTitle "GER-chT2"]
[Source "ChessBase"]
[SourceDate "1999.07.01"]
[SourceVersion "1"]
[SourceVersionDate "1999.07.01"]
[SourceQuality "1"]
[WhiteTeam "Katernberg"]
[BlackTeam "Koeln Porz II"]
[WhiteTeamCountry "GER"]
[BlackTeamCountry "GER"]

1. d4 Nf6 2. Nf3 g6 3. c4 Bg7 4. Nc3 d5 5. Bg5 Ne4 6. cxd5 Nxg5 7. Nxg5 e6 8. Nf3 exd5 9. e3 0-0 10. b4 Be6 11. Be2 Nd7 12. 0-0 c6 13. Rc1 a6 14. a4 Qe7 15. b5 cxb5 16. axb5 a5 17. Na4 Rfc8 18. Qd2 Qa3 19. Rxc8+ Rxc8 20. Qxa5 Rc2 21. Bd1 Rc1 22. Qd8+ Bf8 23. Nb6 Qa5 24. Ng5 Qxb6 25. Nxe6 Qxe6 0-1

[Event "BL2-West 9798"]
[Site "Germany"]
[Date "1998.??.??"]
[Round "?.2"]
[White "Lytchak, Alexander"]
[Black "Hall, Jesper"]
[Result "1/2-1/2"]
[WhiteElo "2390"]
[BlackElo "2460"]
[PlyCount "88"]
[EventDate "1997.10.??"]
[EventType "team-tourn"]
[EventRounds "9"]
[EventCountry "GER"]
[SourceTitle "EXT 1999"]
[Source "ChessBase"]
[SourceDate "1998.11.16"]
[SourceVersion "1"]
[SourceVersionDate "1998.11.16"]
[SourceQuality "1"]
[WhiteTeam "Koeln Porz II"]
[BlackTeam "Wattenscheid"]
[WhiteTeamCountry "GER"]
[BlackTeamCountry "GER"]

1. d4 Nf6 2. c4 e6 3. Nc3 Bb4 4. Qc2 0-0 5. a3 Bxc3+ 6. Qxc3 d6 7. b4 c5 8. dxc5 dxc5 9. Bb2 Qe7 10. e3 b6 11. Nf3 Nbd7 12. Bd3 Bb7 13. 0-0 Rfe8 14. Rfd1 Rad8 15. Ne5 Nxe5 16. Qxe5 cxb4 17. axb4 Qxb4 18. Bd4 a6 19. Qg3 Qe7 20. Bxb6 Rc8 21. Qh4 h6 22. c5 Ra8 23. Be2 Rec8 24. Rd6 Kf8 25. f3 Nd7 26. Qb4 Nxb6 27. Rxb6 Ra7 28. Rc1 a5 29. Qb1 Bd5 30. Qh7 Qg5 31. Kf2 Ke7 32. Qd3 Rac7 33. Qa3 Ra8 34. c6+ Ke8 35. e4 Qh4+ 36. Kg1 Qf6 37. Qe3 Ba2 38. e5 Qe7 39. Rd1 Bd5 40. Rc1 a4 41. Ba6 a3 42. Bb7 Rd8 43. Ra1 a2 44. Qc3 f5 1/2-1/2

[Event "Oberliga NRW 9899 II"]
[Site "Germany"]
[Date "1998.??.??"]
[Round "2.1"]
[White "Morawietz, Dieter"]
[Black "Lytchak, Alexander"]
[Result "1-0"]
[WhiteElo "2445"]
[BlackElo "2365"]
[PlyCount "53"]
[EventDate "1998.10.10"]
[EventType "team"]
[EventRounds "9"]
[EventCountry "GER"]
[SourceTitle "EXT 2000"]
[Source "ChessBase"]
[SourceDate "1999.11.16"]
[SourceVersion "1"]
[SourceVersionDate "1999.11.16"]
[SourceQuality "1"]
[WhiteTeam "Koeln KKS"]
[BlackTeam "Koeln Porz III"]
[WhiteTeamCountry "GER"]
[BlackTeamCountry "GER"]

1. e4 c6 2. d4 d5 3. e5 Bf5 4. h4 h5 5. Bd3 Bxd3 6. Qxd3 e6 7. Nf3 Ne7 8. Bg5 Nd7 9. Nbd2 f6 10. exf6 gxf6 11. Bf4 Qa5 12. 0-0 Kf7 13. Rfe1 Ng6 14. Bg3 Re8 15. c4 Bh6 16. b4 Qd8 17. b5 Rhg8 18. bxc6 bxc6 19. Rab1 Bf4 20. cxd5 cxd5 21. Rb7 a5 22. Nb3 Re7 23. Qb5 Bxg3 24. fxg3 Nb8 25. Nc5 Qd6 26. Rxe6 Qxg3 27. Qb3 1-0

[Event "EU-ch U20"]
[Site "Tallinn"]
[Date "1997.09.13"]
[Round "4"]
[White "Belozerov, Andrei"]
[Black "Lytchak, Alexander"]
[Result "1-0"]
[WhiteElo "2450"]
[BlackElo "2390"]
[PlyCount "53"]
[EventDate "1997.09.10"]
[EventType "swiss"]
[EventRounds "11"]
[EventCountry "EST"]
[SourceTitle "CBM 059 Extra"]
[Source "ChessBase"]
[SourceDate "1997.09.26"]
[SourceVersion "1"]
[SourceVersionDate "1997.09.26"]
[SourceQuality "1"]

1. d4 Nf6 2. c4 g6 3. Nc3 d5 4. cxd5 Nxd5 5. e4 Nxc3 6. bxc3 Bg7 7. Nf3 c5 8. Rb1 0-0 9. Be2 b6 10. 0-0 Bb7 11. Qd3 Ba6 12. Qe3 cxd4 13. cxd4 Qd7 14. Ba3 Re8 15. d5 Bxe2 16. Qxe2 e6 17. d6 Qa4 18. Qd3 Nd7 19. Rfc1 Rec8 20. Rc7 Bf8 21. h4 Nc5 22. Bxc5 bxc5 23. e5 Qxa2 24. Rbb7 Qa1+ 25. Kh2 Bg7 26. Qe4 Rf8 27. Rxf7 1-0